|
|
|
|
| LEADER |
00000nam0a2200000 4500 |
| 001 |
157816 |
| 005 |
20260227110218.0 |
| 010 |
|
|
|a 9785388005687
|b (в пер.)
|b 3500 экз.
|
| 035 |
|
|
|a (RuTPU)RU\TPU\book\171176
|
| 090 |
|
|
|a 157816
|
| 100 |
|
|
|a 20090427d2009 km y0rusy5002 ca
|
| 101 |
0 |
|
|a rus
|
| 102 |
|
|
|a RU
|
| 105 |
|
|
|a a j 000yb
|
| 200 |
1 |
|
|a Петр Великий: личность и реформы
|f Е. В. Анисимов
|
| 210 |
|
|
|a СПб.
|c Питер
|d 2009
|
| 215 |
|
|
|a 446, [1] с.
|c ил.
|
| 225 |
1 |
|
|a Слава России
|
| 330 |
|
|
|a В книге на примере петровских реформ рассматривается извечная проблема русской жизни: нужны ли России реформы, а если да, то почему для этого нужно пролить реки крови? Петровские реформы — один из ярчайших тому примеров. Они привели не к улучшению жизни общества, а к усилению власти государства, к росту его имперских аппетитов. Благодаря петровским реформам Россия модернизировалась, европеизировалась, но основы ее — крепостное право и деспотическая власть — остались прежние. Другая сторона этой проблемы, рассматриваемая в книге, — личность самого реформатора. Петр Великий был человеком выдающимся, искренне желавшим России блага, ему даже казалось, что он знает, как привести страну к благополучию. В своей грандиозной реформаторской деятельности он был фанатичным государственным романтиком, не щадил ни себя, ни Россию. Он взял за основу реформирования страны принцип: «В России прогресс достигается только насилием, принуждением!» и последовательно проводил его в жизнь. Как это осуществлялось и к чему привело — и составляет суть данной книги.
|
| 600 |
|
0 |
|a Петр Великий
|d I
|f 1672-1725
|c российский царь из династии Романовых (1682-1725)
|c первый российский император
|2 stltpush
|3 (RuTPU)RU\TPU\pers\365
|
| 606 |
|
|
|a Деятели политические и государственные
|x Персоналии
|y Россия
|z 1682-1725
|9 89187
|
| 610 |
1 |
|
|a петровские реформы
|
| 610 |
1 |
|
|a общество
|
| 610 |
1 |
|
|a власть
|
| 610 |
1 |
|
|a государство
|
| 610 |
1 |
|
|a войны
|
| 610 |
1 |
|
|a Российская империя
|
| 610 |
1 |
|
|a 18 век
|
| 686 |
|
|
|a Т3(2)511
|2 rubbk
|
| 700 |
|
1 |
|a Анисимов
|b Е. В.
|g Евгений Викторович
|4 070
|
| 801 |
|
1 |
|a RU
|b 63413507
|c 20090414
|g PSBO
|
| 801 |
|
2 |
|a RU
|b 63413507
|c 20140204
|g PSBO
|
| 942 |
|
|
|c BK
|